| 000 | 00493nam a2200181Ia 4500 | ||
|---|---|---|---|
| 001 | 4786 | ||
| 005 | 20260306145820.0 | ||
| 008 | 260306t1998||||xx |||||||||||||| ||spa|| | ||
| 041 | _aESP | ||
| 082 |
_a330.1 _bC88 |
||
| 100 |
_aCrespo, Ricardo F. _eAUT |
||
| 245 | 0 |
_aLa crisis de las teorías económicas liberales: _bproblemas de los enfoques neoclásico y austríaco |
|
| 260 | _c1998 | ||
| 300 |
_a204 páginas : _c22 cm. |
||
| 650 | _aGEN | ||
| 654 | _aCAN | ||
| 942 |
_cLIB _dJUS _fJUS _2ddc _n |
||
| 999 |
_c4786 _d4786 |
||